| 000 | 00404pam a2200157a 44500 | ||
|---|---|---|---|
| 008 | 230405s2014 xxu||||| |||| 00| 0 eng d | ||
| 041 | _aENG | ||
| 100 | _aSHEKSPEAR W | ||
| 245 | _aMEASURE FOR MEASURE | ||
| 260 |
_aNEW DELHI _bVISHVA BOOK _c2014 |
||
| 300 | _a96p. | ||
| 440 | _aSOURCE=PRASAD VTARAN GRANTH DALAN SANGLI | ||
| 650 | _aENGLISH FICTIONS | ||
| 690 | _aENGLISH FICTIONS | ||
| 906 | _a9983 | ||
| 999 |
_c790199 _d790199 |
||